Marketingový výskum zameraný na imidž hypermarketu

Spotrebiteľské správanie, jeho znalosť a pochopenie ako nevyhnutná súčasť úspešného pôsobenia maloobchodnej jednotky na trhu. Pojem imidž firmy. Faktory budovania imidžu maloobchodnej jednotky. Ponuka tovaru a služieb a ich kvalita. Cena a poskytnuté služby. Nákupná atmosféra a marketingová komun...

Descripción completa

Guardado en:
Detalles Bibliográficos
Autor principal: Csikósová, Adriana
Otros Autores: Antošová, Mária, 1965-
Formato: Capítulo de libro
Lenguaje:eslovaco
Materias:
Etiquetas: Agregar Etiqueta
Sin Etiquetas, Sea el primero en etiquetar este registro!

MARC

LEADER 00000naa$a2200000$$$4500
001 0026358
005 20231106081635.7
041 0 |a slo 
044 |a SK 
245 1 0 |a Marketingový výskum zameraný na imidž hypermarketu  |c Adriana Csikósová, Mária Antošová 
520 |a Spotrebiteľské správanie, jeho znalosť a pochopenie ako nevyhnutná súčasť úspešného pôsobenia maloobchodnej jednotky na trhu. Pojem imidž firmy. Faktory budovania imidžu maloobchodnej jednotky. Ponuka tovaru a služieb a ich kvalita. Cena a poskytnuté služby. Nákupná atmosféra a marketingová komunikácia. 
610 2 0 |a marketing 
610 2 0 |a imidž 
610 2 0 |a maloobchod 
610 2 0 |a prieskum odbytový 
610 2 0 |a prieskum spotrebiteľský 
610 2 0 |a hypermarkety 
610 2 0 |a komunikácia manažérska 
610 2 0 |a kvalita tovaru 
100 1 |a Csikósová, Adriana 
700 1 |a Antošová, Mária, 1965-